Stolice kantonów Szwajcarii - Statystyki

Ogólne statystyki
  • Ten quiz został rozwiązany 132 razy
  • Średni wynik to 15 z 26
Statystyki odpowiedzi
Kanton Stolica % Poprawnych
Berno Berno
100%
Genewa Genewa
96%
Bazylea-Miasto Bazylea
90%
Fryburg Fryburg
88%
Zurych Zurych
88%
Lucerna Lucerna
82%
Sankt Gallen Sankt Gallen
80%
Glarus Glarus
72%
Zug Zug
72%
Neuchâtel Neuchâtel
70%
Szafuza Szafuza
70%
Schwyz Schwyz
66%
Solura Solura
64%
Appenzell Innerrhoden Appenzell
52%
Gryzonia Chur
48%
Argowia Aarau
40%
Vaud Lozanna
40%
Valais Sion
36%
Ticino Bellinzona
32%
Appenzell Ausserrhoden Herisau
30%
Nidwalden Stans
30%
Jura Delémont
28%
Obwalden Sarnen
28%
Uri Altdorf
26%
Bazylea-Okręg Liestal
26%
Turgowia Frauenfeld
24%
Nie znaleziono quizów pasujących do podanych kryteriów
Rozkład punktacji
Procent ludzi z każdym wynikiem
Percentyl według liczby udzielonych odpowiedzi
Twoja historia wyników
Nie rozwiązałeś tego quizu